Tiempo y Narración
Guardat en:
| Autor principal: | |
|---|---|
| Format: | Llibre |
| Idioma: | espanyol |
| Publicat: |
Ciudad de México, México
Siglo Veintiuno
1995
|
| Edició: | 1a. ed |
| Col·lecció: | Lingüística y Teoría Literaria
|
| Matèries: | |
| Etiquetes: |
Afegir etiqueta
Sense etiquetes, Sigues el primer a etiquetar aquest registre!
|
MARC
| LEADER | 00000cam a2200000 a 4500 | ||
|---|---|---|---|
| 001 | UCU4348 | ||
| 003 | CL-VaPUC | ||
| 005 | 20210226001128.0 | ||
| 008 | 960517e19950000MX |||||||||||||||||spa|d | ||
| 999 | |c 248090 |d 248088 | ||
| 020 | |a 9789682319655 o.c | ||
| 020 | |a 9789682319662 v.1 | ||
| 040 | |c Pontificia Universidad Católica de Valparaíso | ||
| 082 | 0 | 4 | |a 194 RIC 1995 |2 21 |
| 100 | 0 | |a Ricoeur, Paul |e author |9 446 | |
| 245 | 1 | 0 | |a Tiempo y Narración |
| 250 | |a 1a. ed | ||
| 260 | |a Ciudad de México, México |b Siglo Veintiuno |c 1995 | ||
| 300 | |a 3 volúmenes | ||
| 490 | 0 | |a Lingüística y Teoría Literaria | |
| 505 | |a v.1: Configuración del tiempo en el relato histórico v.2: Configuración del tiempo en el relato de ficción v.3: El tiempo narrado | ||
| 583 | |a last modification |c 20170830 16:17:56 |k Rodrigo Vera | ||
| 650 | 0 | |a Filosofía francesa |9 255698 | |
| 852 | |a BIBCUR | ||
| 942 | |c BK |2 ddc | ||
| 945 | |d 19960517 00:00:00 |a mcarcey | ||
| 952 | |0 0 |1 0 |4 0 |6 194_000000000000000_RIC_1995 |7 0 |8 A |9 264480 |a BIBEDU |b BIBEDU |d 2019-11-19 |h v.2 |i 3282724 |l 1 |o 194 RIC 1995 |p 3282724 |r 2023-07-10 |s 2023-07-10 |w 2019-11-19 |y BK |k FIL | ||
| 952 | |0 0 |1 4 |4 0 |6 194_000000000000000_RIC_1995 |7 0 |8 A |9 264481 |a BIBEDU |b BIBEDU |d 2019-11-19 |h v.3 |i 3477819 |l 2 |m 1 |o 194 RIC 1995 |p 3477819 |r 2023-07-12 |s 2023-07-12 |w 2019-11-19 |y BK |k LIT | ||
| 952 | |0 0 |1 0 |4 0 |6 194_000000000000000_RIC_1995 |7 0 |8 A |9 264482 |a FDOPOS |b FDOPOS |d 2019-11-19 |h v.3 |i 3708306 |o 194 RIC 1995 |p 3708306 |r 2025-01-22 |w 2019-11-19 |y BK |k MLH | ||
| 952 | |0 0 |1 0 |3 erb |4 0 |6 194_000000000000000_RIC_1995 |7 0 |8 A |9 264483 |a BIBGIM |b BIBGIM |h v.1 |i 5264669 |o 194 RIC 1995 |p 5264669 |r 2025-01-15 |w 2019-11-19 |y BK |z Catalogado en:20160303 |k SSL | ||
| 952 | |0 0 |1 0 |3 erb |4 0 |6 194_000000000000000_RIC_1995 |7 0 |8 A |9 264484 |a BIBGIM |b BIBGIM |h v.1 |i 5291712 |o 194 RIC 1995 |p 5291712 |r 2025-01-15 |w 2019-11-19 |y BK |z Catalogado en:20160609 |k SSL | ||
| 952 | |0 0 |1 0 |3 erb |4 0 |6 194_000000000000000_RIC_1995 |7 0 |8 A |9 264485 |a BIBGIM |b BIBGIM |h v.1 |i 5291704 |o 194 RIC 1995 |p 5291704 |r 2025-01-15 |w 2019-11-19 |y BK |z Catalogado en:20160609 |k SSL | ||
| 952 | |0 0 |1 0 |3 erb |4 0 |6 194_000000000000000_RIC_1995 |7 0 |8 A |9 264486 |a BIBGIM |b BIBGIM |h v.1 |i 5292441 |o 194 RIC 1995 |p 5292441 |r 2025-01-15 |w 2019-11-19 |y BK |z Catalogado en:20160609 |k SSL | ||
| 952 | |0 0 |1 0 |3 erb |4 0 |6 194_000000000000000_RIC_1995 |7 0 |8 A |9 264487 |a BIBGIM |b BIBGIM |h v.2 |i 529245K |o 194 RIC 1995 |p 529245K |r 2025-01-15 |w 2019-11-19 |y BK |z Catalogado en:20160609 |k SSL | ||
| 952 | |0 0 |1 0 |3 erb |4 0 |6 194_000000000000000_RIC_1995 |7 0 |8 A |9 264488 |a BIBGIM |b BIBGIM |h v.3 |i 5292468 |o 194 RIC 1995 |p 5292468 |r 2025-01-15 |w 2019-11-19 |y BK |z Catalogado en:20160609 |k SSL | ||
| 952 | |0 0 |1 0 |3 erb |4 0 |6 194_000000000000000_RIC_1995 |7 0 |8 A |9 264489 |a BIBEDU |b BIBEDU |h v.1 |i 5358892 |o 194 RIC 1995 |p 5358892 |r 2019-11-19 |w 2019-11-19 |y BK |z Catalogado en:20170108 |k EPE | ||
| 952 | |0 0 |1 0 |3 erb |4 0 |6 194_000000000000000_RIC_1995 |7 0 |8 A |9 264490 |a BIBEDU |b BIBEDU |h v.2 |i 5358906 |l 1 |o 194 RIC 1995 |p 5358906 |r 2023-07-10 |s 2023-07-10 |w 2019-11-19 |y BK |z Catalogado en:20170108 |k EPE | ||
| 952 | |0 0 |1 0 |3 erb |4 0 |6 194_000000000000000_RIC_1995 |7 0 |8 A |9 264491 |a BIBEDU |b BIBEDU |h v.3 |i 5358914 |l 2 |m 1 |o 194 RIC 1995 |p 5358914 |r 2024-09-03 |s 2024-08-20 |w 2019-11-19 |y BK |z Catalogado en:20170108 |k EPE | ||
| 952 | |0 0 |1 0 |2 ddc |4 0 |6 194_000000000000000_RIC_1995 |7 0 |8 A |9 562256 |a BIBARQ |b BIBARQ |d 2020-04-01 |e 65 |g 38205.00 |h v.3 |i 5575524 |l 3 |o 194 RIC 1995 |p 5575524 |r 2025-01-20 |s 2022-07-21 |t 1 |v 38205.00 |w 2020-04-01 |y BK |k ARQ | ||
| 952 | |0 0 |1 0 |2 ddc |4 0 |6 194_000000000000000_RIC_1995 |7 0 |8 A |9 562260 |a BIBARQ |b BIBARQ |d 2020-04-01 |e 65 |g 31285.00 |h v.1 |i 5575567 |o 194 RIC 1995 |p 5575567 |r 2025-01-20 |t 9 |v 31285.00 |w 2020-04-01 |y BK |k ARQ | ||
| 952 | |0 0 |1 0 |2 ddc |4 0 |6 194_000000000000000_RIC_1995 |7 0 |8 A |9 577564 |a BIBARQ |b BIBARQ |d 2021-02-25 |e 3 |g 20697.00 |h v.2 |i 5582393 |l 3 |m 2 |o 194 RIC 1995 |p 5582393 |r 2025-01-20 |s 2024-07-29 |t 6 |v 20697.00 |w 2021-02-25 |y BK |k ARQ | ||